000 00238nam a2200109 a 4500
005 20140414132050.0
008 110330s19uu xx 00 eng d
050 _aP
_bKAS
245 _aKasalungat.
650 _aOpposites
999 _c114145
_d114145